| 000 | 00589nam a2200205 a 4500 | ||
|---|---|---|---|
| 001 | 0236 | ||
| 005 | 20140414131850.0 | ||
| 008 | 040902s19uu xx 00 eng d | ||
| 020 | _a1-84301-040-2 | ||
| 050 |
_aM 591.52 _bG15 2002 |
||
| 100 | _aGaneri, Anita | ||
| 245 |
_aAnimal homes / _cAnita Ganeri. |
||
| 260 |
_aLondon : _bTwo-can Publishing, _c2002. |
||
| 300 | _a32 p. : ill. ; cm. | ||
| 440 | _aTwo-can discovery guide | ||
| 520 | _aA stimulating information books for young readers. | ||
| 650 |
_aAnimal habitat _xJuvenile literature. |
||
| 999 |
_c110131 _d110131 |
||